000 01074nam a2200253 a 4500
003 OSt
005 20230904084602.0
007 cr ||||||a|c|a
008 230824s2023 mx a|||fom||| 001 0 spa d
040 _erda
100 1 _9187751
_aSánchez Tellez, Anacristina
245 1 _aBioestimulantes en la producción de zanahoria (Daucus carota) /
_cpor Anacristina Sánchez Tellez ; director de tesis Rogelio Castro Brindis.
264 1 _aChapingo, México :
_bEl autor,
_c2023.
300 _a1 recurso en línea (99 páginas):
_bcuadros, figuras.
336 _2rdacontent
_atexto
_btxt
337 _2rdamedia
_acomputadora
_bc
338 _2rdacarrier
_arecurso en línea
_bcr
502 _bIAAF
_cFitotecnia
_d2023.
_gLIC
504 _aIncluye referencias bibliográficas: páginas 84-97.
650 4 _9131749
_aZanahoria
_xReguladores de crecimiento
700 1 _920333
_aCastro Brindis, Rogelio
_eDirector de tesis.
856 _uhttp://10.13.5.2/tesis/tl/1712479-7_Sanchez_Tellez_Anacristina.pdf
_zDESCARGAR PDF
942 _2Clasificación Universidad Autónoma Chapingo
_cTD
999 _c219102
_d219102